000 01003nam a22003257a 4500
003 DO-SdBNP
005 20230811114223.0
008 060721 2016 sp spa
017 _a
_b
020 _a9788498386677
035 _a
040 _aBPMSU
_bspa
_cBPMSU
_e
082 4 _a823.91
_bR884h, 2016
_222
100 1 _aRowling, J. K.,
_d1965-
240 1 0 _l
245 1 0 _aHarry Potter y el misterio del principe /
_cJ. K. Rowling
_h
_b
260 _aBarcelona :
_bSalamandra,
_c2016.
_e
_f
300 _a569 p. ;
_c23 cm.
490 0 _3Harry Potter
_v6
500 _aIncluye datos biográficos de la autora en la solapa de la cubierta
534 _aTítulo original :
_tHarry Potter and the half blood prince.
590 _6Inventariado, 2023/VM
650 _2NOVELA INGLESA
650 4 _aNovela juvenil inglesa
650 4 _vNovela
_2Magia
830 0 _aHarry Potter
_36
910 _aYLOCKWARD/VMateo V. Control de calidad (BPMSU)
942 _2ddc
_cBK
980 _a
_a
_b
_j
_c
999 _c12767
_d12767